Statystyki dla Na co ludzie wydają pieniądze wygrane w Lotto

Kliknij tutaj aby rozwiązać quiz!

Ogólne statystyki

  • Ten quiz został rozwiązany 94 razy
  • Średni wynik to 2 z 6

Statystyki odpowiedzi

Odpowiedź% Poprawnych
Samochód
95%
Mieszkanie
62%
Wakacje
43%
Podróże
27%
Spłatę długów
1%
Sprzęt AGD - RTV
1%

Rozkład punktacji

Percentyl według liczby udzielonych odpowiedzi

Procent ludzi z każdym wynikiem

Twoja historia wyników

Nie rozwiązałeś tego quizu